000 02425nam a2200481 c 4500
003 BLK
005 20231017162007.0
008 180408b bul|||||r ||||||| ||bul||
010 _aKNG00085921000
020 _a978-954-27-0202-3
_bиздат.: Егмонт България
040 _aBLK
041 _aBUL
_cBUL
080 _aПаметници на културата на историческите периоди. Археологическите паметници. Старини
_b904
_x(510)(02.062)
_z904(510)(02.062)
080 _aИстория на Древен Китай
_b931.5
_x(02.062)
_z931.5(02.062)
100 1 _aБол, Жаклин
_eпърви автор
_9300088
700 1 _aЛиви, Ричард
_eсъавт.
_9300089
700 1 _aМуровчик, Робърт
_eконсултант
_999632
700 1 _aКачин, Александър
_eпрев.
_9365705
139 _aБол, Жаклин и др.
_bБ 61
245 1 0 _aДревният Китай
_bАрхеологията разкрива тайни от миналото на Китай
_cЖаклин Бол; съавт. Ричард Ливи; консултант Робърт Муровчик; прев. Александър Качин.
257 _aUSA
260 София
_bЕгмонт България
_c2008
_fВ. Търново : Абагар
300 _a64 с.
_bс цв. ил., к.
_c25 см
380 _aDN
490 1 _aНешънъл Джеографик проучва
500 _aБез сведение за ориг. загл. - Офс. изд. - Съдържа и За авторите и консултанта ; Речник ; Полезни интернет адреси ; Азбучник. - Библиогр. с. 60.
504 _a60
590 _aф
650 4 _aАрхеологически паметници - Китай
_9259210
650 4 _aАрхеологични находки - Китай
_9300090
650 4 _aКитай - история
_9242271
651 4 _aКитай
_9242505
653 _aКитай
653 _aархеологични находки
653 _aархеологически паметници
653 _aистория
852 _aЦб 241537
856 4 _qpdf
_u
856 4 _qpdf
_u
942 _cKNG
_n0
_02
944 _aCR
_c17.10.2008
_lГрета Цуфелде
_k30537
944 _aED
_c13.05.2009
_lф /
_k
999 _c81417
_d81417